书目信息 |
| 题名: |
耳聋的防治与康复
|
|
| 作者: | 于玉东 编著 | |
| 分册: | ||
| 出版信息: | 保定 河北大学出版社 2008.07 |
|
| 页数: | 208页 | |
| 开本: | 23cm | |
| 丛书名: | ||
| 单 册: | ||
| 中图分类: | R764.43 | |
| 科图分类: | ||
| 主题词: | 耳聋--er long--防治--高等学校--教材 , 耳聋--er long--康复医学--高等学校--教材 | |
| 电子资源: | ||
| ISBN: | 978-7-81097-306-9 | |
| 000 | 01014nam0 2200277 450 | |
| 001 | 012008392859 | |
| 005 | 20081221134259.51 | |
| 010 | @a978-7-81097-306-9@dCNY25.00 | |
| 100 | @a20081221d2008 em y0chiy0120 ea | |
| 101 | 0 | @achi |
| 102 | @aCN@b130000 | |
| 105 | @aa a 000yy | |
| 106 | @ar | |
| 200 | 1 | @a耳聋的防治与康复@Aer long de fang zhi yu kang fu@d= Prevention and recovery of deaf@f于玉东编著@Fyu yu dong bian zhu@zeng |
| 210 | @a保定@c河北大学出版社@d2008.07 | |
| 215 | @a208页@c图@d23cm | |
| 300 | @a邯郸学院学术著作出版基金资助出版 | |
| 320 | @a有书目 (第207页) | |
| 330 | @a本书叙述了聋儿的听觉训练、发音训练和语言训练的内容和方法。包括听觉器官的病理、耳聋的概述、康复的概述、医学康复等章节。 | |
| 510 | 1 | @aPrevention and recovery of deaf@zeng |
| 606 | 0 | @a耳聋@Aer long@x防治@x高等学校@j教材 |
| 606 | 0 | @a耳聋@Aer long@x康复医学@x高等学校@j教材 |
| 690 | @aR764.43@v4 | |
| 701 | 0 | @a于玉东@Ayu yu dong@4编著 |
| 801 | 0 | @aCN@bQSSK@c20081221 |
| 905 | @b735995-97@dR764.43@eY730@f3 | |
| 耳聋的防治与康复= Prevention and recovery of deaf/于玉东编著.-保定:河北大学出版社,2008.07 |
| 208页:图;23cm |
| 邯郸学院学术著作出版基金资助出版 |
| ISBN 978-7-81097-306-9:CNY25.00 |
| 本书叙述了聋儿的听觉训练、发音训练和语言训练的内容和方法。包括听觉器官的病理、耳聋的概述、康复的概述、医学康复等章节。 |
| ● |
| 相关链接 |
|
|
|
正题名:耳聋的防治与康复
索取号:R764.43/Y730
 
预约/预借
| 序号 | 登录号 | 条形码 | 馆藏地/架位号 | 状态 | 备注 |
| 1 | 735995 | 207359954 | 自科库401/401自科库 21排4列5层/ [索取号:R764.43/Y730] | 在馆 | |
| 2 | 735996 | 207359963 | 自科库401/401自科库 21排4列5层/ [索取号:R764.43/Y730] | 在馆 | |
| 3 | 735997 | 207359972 | 自科库401/401自科库 21排4列5层/ [索取号:R764.43/Y730] | 在馆 |